000 00697nam a2200217 i 4500
001 109514
003 ES-MaACL
005 20230906184845.0
007 t|
008 061121s1973 sp r ||||1| spa d
100 1 _aMüller, Jean-Marie.
_984129
245 1 3 _aEl evangelio de la no-violencia /
_cJean-Marie Muller ; Soledad Carande.
260 _aMadrid ; Barcelona :
_bMarova : Ferrer i Coll,
_c1973.
300 _a269 p. ;
_c18 cm.
490 1 _aNuevas fronteras
650 4 _aNo violencia-
_xAspectos religiosos-
_xCristianismo.
_9152242
700 1 _aCarande, Soledad.
_934954
830 0 _aNuevas fronteras
_9183541
852 _aES-MaACL
_jC-54995
_bR.87630
999 _c109514
_d109514